00265nam a2200109Ia 4500008004100000020001800041100001700059245003300076250000700109260002500116300001400141171211s9999 xx 000 0 und d a9781496325082 aHuda, Walter aReview of Radiologic Physics aIV bWolters Kluwerc2016 a309 pages